Referencias evocadoras: la educación, horizonte y oportunidad

Este texto recoge aspectos significativos de la tradición pedagógica de la compañia de María en la ciudad de medellin, para la construcciónde un nuevo país desde el servicio educativo.

Salvato in:
Dettagli Bibliografici
Ente Autore: Orden de la Compañía de María Nuestra Señora
Natura: Libro
Lingua:Spanish
Pubblicazione: Medellín: Gonava, 2000.
Soggetti:
Accesso online:Enlace del recurso
Tags: Aggiungi Tag
Nessun Tag, puoi essere il primo ad aggiungerne! !

MARC

LEADER 00000nam a2200000 a 4500
001 000982
008 030429s2000 ck a fr# #000|0#spa#d
020 |a 958-33-1826-4 
041 0 |a spa 
043 |a s-ck--- 
082 0 4 |a 376.986  |b  O73r 
110 2 |a Orden de la Compañía de María Nuestra Señora 
245 1 0 |a Referencias evocadoras:  |b la educación, horizonte y oportunidad   |c Orden de la Compañía de María Nuestra Señora 
260 |a Medellín:  |b Gonava,  |c 2000. 
300 |a 298 p. 
520 3 |a Este texto recoge aspectos significativos de la tradición pedagógica de la compañia de María en la ciudad de medellin, para la construcciónde un nuevo país desde el servicio educativo. 
650 1 4 |a COMPAÑÍA DE MARÍA  |z COLOMBIA 
650 1 4 |a EDUCACIÓN DE LA MUJER  |z COLOMBIA 
999 |c 3134  |d 3134 
856 |u https://catalogo.idep.edu.co/cgi-bin/koha/opac-detail.pl?biblionumber=3134  |z Enlace del recurso